00426nam a2200145 4500245006200000710001800062260005400080490004600134020001500180082001500195650001200210650001400222650001700236650002700253 aTheory of the earth's shapecby V.C. Dragomir... [et al.] aDragomir,V.C. aAmsterdambElsevier Scientific Publishing cc1982 aDevelopments in solid earth geophysics;13 a0444997059 a526.1bTHE aGeodesy aGeodetics aEarth Figure aMathematical Geography